[Event "Irkutsk-ch"]
[Site "Irkutsk"]
[Date "2017.02.25"]
[Round "7"]
[White "Sakhyanov, Igor"]
[Black "Eremeenko, Vladimir"]
[Result "1-0"]
[WhiteElo "1672"]
[BlackElo "1851"]
[PlyCount "123"]
[EventDate "2017.02.04"]
[EventType "swiss"]
[EventRounds "9"]
[EventCountry "RUS"]
[SourceTitle "CBM 177 Extra"]
[Source "ChessBase"]
[SourceDate "2017.04.27"]
[SourceVersion "1"]
[SourceVersionDate "2017.04.27"]
[SourceQuality "1"]

1. Nf3 Nf6 2. g3 d6 3. Bg2 Bd7 4. d3 e5 5. Nbd2 Nc6 6. e4 Be7 7. Nc4 Nd4 8. Ne3 Nxf3+ 9. Qxf3 0-0 10. Nf5 Bxf5 11. Qxf5 c6 12. Bd2 d5 13. Bc3 d4 14. Bd2 Qd6 15. f4 Nd7 16. Bh3 Rad8 17. Qh5 g6 18. Qh6 f5 19. exf5 gxf5 20. Qxd6 Bxd6 21. fxe5 Nxe5 22. 0-0 Ng4 23. Rae1 Ne3 24. Bxe3 dxe3 25. Rxf5 Rxf5 26. Bxf5 Rf8 27. g4 h5 28. h3 hxg4 29. hxg4 Bf4 30. Kg2 Kg7 31. Rh1 Rh8 32. Rxh8 Kxh8 33. Kf3 Bg5 34. d4 Kg7 35. Bc8 b6 36. Bb7 c5 37. d5 Kf6 38. Ba6 Ke5 39. Bc4 Kd4 40. b3 Ke5 41. a4 a5 42. d6 Kxd6 43. Ke4 e2 44. Bxe2 Ke6 45. Bc4+ Kf6 46. Kd5 Bd2 47. Kc6 Kg5 48. Be6 Kf6 49. Bf5 Bb4 50. Kxb6 Kg5 51. Kb5 Kf6 52. Kc4 Ba3 53. c3 Bb2 54. b4 cxb4 55. cxb4 axb4 56. Kxb4 Ke7 57. a5 Kd6 58. Kb5 Kc7 59. g5 Bc3 60. a6 Kd6 61. a7 Bd4 62. a8Q 1-0

[Event "Irkutsk-ch"]
[Site "Irkutsk"]
[Date "2017.02.05"]
[Round "2"]
[White "Eremeenko, Vladimir"]
[Black "Eliseev, Nikolay1111"]
[Result "0-1"]
[WhiteElo "1851"]
[BlackElo "1761"]
[PlyCount "66"]
[EventDate "2017.02.04"]
[EventType "swiss"]
[EventRounds "9"]
[EventCountry "RUS"]
[SourceTitle "CBM 177 Extra"]
[Source "ChessBase"]
[SourceDate "2017.04.27"]
[SourceVersion "1"]
[SourceVersionDate "2017.04.27"]
[SourceQuality "1"]

1. Nf3 Nf6 2. g3 c6 3. Bg2 Qa5 4. c3 Qh5 5. d4 d5 6. h3 h6 7. Ne5 Qf5 8. h4 Nbd7 9. Bh3 Qh7 10. Nxd7 Nxd7 11. Bf4 f6 12. Nd2 Nb6 13. Bxc8 Rxc8 14. Qb3 Qf5 15. 0-0-0 e5 16. dxe5 fxe5 17. Be3 c5 18. f3 Be7 19. g4 Qg6 20. h5 Qc6 21. Qc2 0-0 22. Rdg1 d4 23. Bf2 Bg5 24. Bh4 Be3 25. Kb1 Bxg1 26. Rxg1 Nd5 27. Bf2 dxc3 28. bxc3 Qb5+ 29. Ka1 Qxe2 30. Bg3 Rxf3 31. Bxe5 Rf2 32. Bxg7 Qxd2 33. Qb3 Kxg7 0-1

[Event "Irkutsk-ch otbor"]
[Site "Irkutsk"]
[Date "2013.12.15"]
[Round "9"]
[White "Vorobiev, Nikolay"]
[Black "Eremeenko, Vladimir"]
[Result "1-0"]
[WhiteElo "1988"]
[BlackElo "1889"]
[PlyCount "117"]
[EventDate "2013.11.17"]
[EventType "swiss"]
[EventRounds "9"]
[EventCountry "RUS"]
[SourceTitle "EXT 2016"]
[Source "ChessBase"]
[SourceDate "2015.10.08"]
[SourceVersion "1"]
[SourceVersionDate "2015.10.08"]
[SourceQuality "1"]

1. e4 d6 2. d4 g6 3. Nc3 Nf6 4. Be3 Bg7 5. f3 c6 6. Qd2 b5 7. Bh6 Bxh6 8. Qxh6 Qa5 9. Qd2 Nbd7 10. Nge2 b4 11. Nd1 Ba6 12. Nf2 c5 13. Nd3 Rb8 14. a3 Qb6 15. axb4 cxb4 16. Ra4 Bxd3 17. Qxd3 0-0 18. g4 e5 19. g5 Nh5 20. Bh3 Rfd8 21. Bxd7 Rxd7 22. Ra6 Qc7 23. d5 Rb6 24. Ra5 Qd8 25. h4 f6 26. Rg1 Qf8 27. Qe3 Rbb7 28. Kd2 Rf7 29. Rf1 fxg5 30. hxg5 Qe7 31. Rg1 Nf4 32. Ra6 Nxe2 33. Kxe2 Qc7 34. Rc6 Qd8 35. Ra1 Rfc7 36. Raa6 Rd7 37. Qg1 Kg7 38. Qg4 h6 39. gxh6+ Kxh6 40. Ra1 Rbc7 41. Rh1+ Kg7 42. Qh3 Qg8 43. Qh6+ Kf7 44. Qh7+ Qg7 45. Qh3 Qf6 46. Qg4 Kg7 47. Qh3 Kg8 48. Rf1 Rxc6 49. dxc6 Rc7 50. Rh1 Rxc6 51. Qh7+ Kf8 52. Rh3 Qg7 53. Qh4 Rxc2+ 54. Kd3 Rc8 55. Qh8+ Qg8 56. Qf6+ Ke8 57. Rh8 Kd7 58. Rxg8 Rxg8 59. Qf7+ 1-0

[Event "Irkutsk-ch otbor"]
[Site "Irkutsk"]
[Date "2013.11.17"]
[Round "1"]
[White "Ergeshov, Chingiz"]
[Black "Eremeenko, Vladimir"]
[Result "1/2-1/2"]
[WhiteElo "1512"]
[BlackElo "1889"]
[PlyCount "200"]
[EventDate "2013.11.17"]
[EventType "swiss"]
[EventRounds "9"]
[EventCountry "RUS"]
[SourceTitle "EXT 2016"]
[Source "ChessBase"]
[SourceDate "2015.10.08"]
[SourceVersion "1"]
[SourceVersionDate "2015.10.08"]
[SourceQuality "1"]

1. d4 Nf6 2. c4 g6 3. Nc3 Bg7 4. e4 d6 5. Nf3 0-0 6. Be2 Nbd7 7. 0-0 e5 8. d5 Ne8 9. b4 a5 10. bxa5 Rxa5 11. a4 f5 12. Nd2 Nc5 13. Ba3 b6 14. Bb4 Ra8 15. a5 Bd7 16. Qc2 Nf6 17. axb6 cxb6 18. Bxc5 bxc5 19. Ra2 Rxa2 20. Qxa2 Bh6 21. exf5 gxf5 22. Ra1 Qc7 23. Ndb1 Qb7 24. Bd1 Rb8 25. Na3 Ra8 26. Rb1 Qa6 27. Rb3 Bc1 28. Ncb1 Ne4 29. Qe2 Ba4 30. Rh3 Bxd1 31. Qxd1 Bb2 32. Qh5 Qb7 33. Qxf5 Bxa3 34. Qxe4 Bb2 35. Rg3+ Kh8 36. Qf3 e4 37. Qxe4 Be5 38. Re3 Rf8 39. Re2 Rf4 40. Qc2 Rxc4 41. Qd1 Qxd5 42. Rd2 Qe4 43. g3 Rb4 44. Na3 Qb7 45. Qh5 Rb3 46. Nc4 Qe7 47. Nxe5 Qxe5 48. Qxe5+ dxe5 49. Rd5 e4 50. Rxc5 e3 51. fxe3 Rxe3 52. Rc7 Re2 53. Rf7 Kg8 54. Rf2 Re1+ 55. Kg2 Kg7 56. Rc2 Re3 57. Kf2 Rb3 58. h3 Kg6 59. Re2 Ra3 60. Re3 Ra2+ 61. Kf3 Ra4 62. Re4 Ra5 63. Re8 Rf5+ 64. Ke4 Rf1 65. Rg8+ Kf7 66. Rg4 Re1+ 67. Kf3 Rf1+ 68. Ke2 Ra1 69. Rd4 Ra3 70. Rd3 Ra4 71. Ke3 Kg6 72. Rd4 Ra5 73. Ke4 Ra3 74. Kf4 Ra5 75. Rd6+ Kg7 76. g4 Ra4+ 77. Kg3 Rb4 78. Kh4 Rb5 79. g5 Rb3 80. Kg4 Rb4+ 81. Kh5 Rb7 82. Rc6 Ra7 83. Re6 Rb7 84. Kg4 Rb5 85. Re7+ Kg6 86. Re6+ Kg7 87. Kf4 Ra5 88. Kg4 Rb5 89. Ra6 Rb4+ 90. Kh5 Rb7 91. Rh6 Rb4 92. Rd6 Rb7 93. Rf6 Rb4 94. Re6 Rb7 95. Kg4 Rb4+ 96. Kf5 Rb5+ 97. Re5 Rxe5+ 98. Kxe5 h6 99. h4 hxg5 100. hxg5 Kg6 1/2-1/2

[Event "Anapa op"]
[Site "Anapa"]
[Date "2012.09.07"]
[Round "8"]
[White "Eremeenko, Vladimir"]
[Black "Nagapetian, Zhanna"]
[Result "1-0"]
[WhiteElo "1925"]
[BlackElo "1706"]
[PlyCount "91"]
[EventDate "2012.08.30"]
[EventType "swiss"]
[EventRounds "9"]
[EventCountry "RUS"]
[SourceTitle "CBM 150 Extra"]
[Source "ChessBase"]
[SourceDate "2012.10.19"]
[SourceVersion "1"]
[SourceVersionDate "2012.10.19"]
[SourceQuality "1"]

1. Nf3 d5 2. g3 c6 3. Bg2 e6 4. 0-0 f5 5. d3 Nf6 6. Nbd2 Bd6 7. e4 Qc7 8. Re1 e5 9. exd5 Nxd5 10. Nxe5 Bxe5 11. d4 0-0 12. dxe5 Be6 13. Nf3 h6 14. Nd4 Bd7 15. c4 Ne7 16. e6 Bc8 17. Bf4 Qb6 18. Be3 c5 19. Nb3 Na6 20. Qe2 Rf6 21. Bd5 Bxe6 22. Nxc5 Nxc5 23. Bxc5 Qxc5 24. Bxe6+ Kh8 25. Rad1 Nc6 26. Rd5 Qb4 27. Bd7 Raf8 28. Bxc6 Rxc6 29. Rb5 Qa4 30. Rxb7 Qxa2 31. Qe7 Rg8 32. c5 a5 33. Rd1 Rcc8 34. Rd6 Qb1+ 35. Kg2 Kh7 36. Qe3 Qe4+ 37. Qxe4 fxe4 38. Rb5 Ra8 39. Re6 a4 40. Rxe4 Rgc8 41. Rc4 a3 42. bxa3 Rxa3 43. c6 Ra7 44. Rb7 Rxc6 45. Rxg7+ Kxg7 46. Rxc6 1-0

[Event "Anapa op"]
[Site "Anapa"]
[Date "2012.09.01"]
[Round "2"]
[White "Eremeenko, Vladimir"]
[Black "Edilsultanova, Zalina"]
[Result "0-1"]
[WhiteElo "1925"]
[BlackElo "1749"]
[PlyCount "54"]
[EventDate "2012.08.30"]
[EventType "swiss"]
[EventRounds "9"]
[EventCountry "RUS"]
[SourceTitle "CBM 150 Extra"]
[Source "ChessBase"]
[SourceDate "2012.10.19"]
[SourceVersion "1"]
[SourceVersionDate "2012.10.19"]
[SourceQuality "1"]

1. Nf3 c5 2. d4 Nf6 3. c4 cxd4 4. Nxd4 e5 5. Nf3 e4 6. Nd4 d5 7. Nc3 dxc4 8. e3 Bc5 9. Bxc4 0-0 10. 0-0 Qe7 11. Qc2 Rd8 12. Rd1 Bg4 13. Be2 Bxe2 14. Ncxe2 Nbd7 15. Bd2 Ne5 16. Ba5 b6 17. Bc3 Rac8 18. Qa4 g6 19. Rd2 Nd5 20. Rad1 Nxc3 21. Nxc3 Bb4 22. Nde2 Rd3 23. Nf4 Rxd2 24. Rxd2 Nc4 25. Rd7 Nxb2 26. Nfd5 Nxa4 27. Nxe7+ Bxe7 0-1

[Event "Anapa op-B"]
[Site "Anapa"]
[Date "2010.09.09"]
[Round "8"]
[White "Eremeenko, Vladimir"]
[Black "Bagdasarian, Semen"]
[Result "0-1"]
[WhiteElo "1940"]
[BlackElo "1870"]
[PlyCount "88"]
[EventDate "2010.08.31"]
[EventType "swiss"]
[EventRounds "9"]
[EventCountry "RUS"]
[SourceTitle "EXT 2013"]
[Source "ChessBase"]
[SourceDate "2012.11.22"]
[SourceVersion "1"]
[SourceVersionDate "2012.11.22"]
[SourceQuality "1"]

1. Nf3 Nf6 2. g3 g6 3. Bg2 Bg7 4. 0-0 0-0 5. d3 d5 6. Nbd2 c5 7. e4 Nc6 8. Re1 Qc7 9. Nf1 Rd8 10. Qe2 e5 11. Bg5 d4 12. N3d2 Be6 13. Nc4 b5 14. Ncd2 Nb4 15. Rec1 Bxa2 16. Bh3 Be6 17. Bxe6 fxe6 18. h4 Rd7 19. Nh2 Rf7 20. Bxf6 Bxf6 21. h5 g5 22. Ng4 Bg7 23. h6 Bf6 24. Nf3 Nc6 25. Qd2 Qe7 26. Ra6 Rc8 27. Rca1 Rc7 28. Nxf6+ Qxf6 29. Nxg5 Qxh6 30. f4 Rg7 31. Kg2 exf4 32. gxf4 Qf6 33. e5 Qg6 34. Kf3 Nxe5+ 35. Ke2 Qh5+ 36. Kf1 Qh1+ 37. Ke2 Qg2+ 38. Kd1 Qf1+ 39. Qe1 Qxf4 40. Nxe6 Qf3+ 41. Kc1 Rce7 42. Kb1 Nxd3 43. cxd3 Qxd3+ 44. Ka2 Qc4+ 0-1

[Event "Anapa op-B"]
[Site "Anapa"]
[Date "2010.09.01"]
[Round "1"]
[White "Yudelevich, Semen"]
[Black "Eremeenko, Vladimir"]
[Result "1-0"]
[WhiteElo "2030"]
[BlackElo "1940"]
[PlyCount "97"]
[EventDate "2010.08.31"]
[EventType "swiss"]
[EventRounds "9"]
[EventCountry "RUS"]
[SourceTitle "EXT 2013"]
[Source "ChessBase"]
[SourceDate "2012.11.22"]
[SourceVersion "1"]
[SourceVersionDate "2012.11.22"]
[SourceQuality "1"]

1. e4 d6 2. d4 g6 3. f4 Bg7 4. Nf3 c6 5. Bd3 Bg4 6. c3 e5 7. Be2 Nd7 8. fxe5 dxe5 9. d5 Ngf6 10. dxc6 bxc6 11. Qa4 Qb6 12. Nbd2 Nc5 13. Qc2 Bxf3 14. Bxf3 Rd8 15. Be2 0-0 16. b4 Ne6 17. Nc4 Qc7 18. 0-0 Rd7 19. Be3 Rfd8 20. Rad1 Nf4 21. Rxd7 Rxd7 22. Bf3 Bf8 23. g3 Ne6 24. Be2 c5 25. Rxf6 cxb4 26. cxb4 Bxb4 27. Qb3 Bc5 28. Rf1 Nd4 29. Bxd4 Rxd4 30. Kg2 Rxe4 31. Bf3 Rd4 32. Re1 Bb4 33. Qxb4 Rxc4 34. Qb5 Rc2+ 35. Re2 Rxe2+ 36. Qxe2 f5 37. Bd5+ Kg7 38. Qc4 Qa5 39. Qd3 h5 40. h4 Qd8 41. Qb5 g5 42. Qb7+ Kh6 43. Qc6+ Kg7 44. hxg5 Qxg5 45. Qc7+ Kh6 46. Qd6+ Kh7 47. Qxe5 h4 48. Qf4 Qg6 49. Qxh4+ 1-0

[Event "Irkutsk Urbanovich Memorial"]
[Site "Irkutsk"]
[Date "2010.03.27"]
[Round "14"]
[White "Privalikhin, Fedor"]
[Black "Eremeenko, Vladimir"]
[Result "1-0"]
[WhiteElo "2147"]
[BlackElo "1976"]
[PlyCount "99"]
[EventDate "2010.03.14"]
[EventType "tourn"]
[EventRounds "15"]
[EventCountry "RUS"]
[SourceTitle "EXT 2023"]
[Source "ChessBase"]
[SourceDate "2022.10.05"]
[SourceVersion "1"]
[SourceVersionDate "2022.10.05"]
[SourceQuality "1"]

1. e4 d6 2. d4 Nf6 3. Nc3 g6 4. e5 dxe5 5. dxe5 Qxd1+ 6. Nxd1 Nfd7 7. f4 Bg7 8. Bc4 0-0 9. e6 fxe6 10. Bxe6+ Kh8 11. Ne2 Nc6 12. 0-0 Nd4 13. Nxd4 Bxd4+ 14. Be3 Bxe3+ 15. Nxe3 Nf6 16. Bxc8 Raxc8 17. Rad1 Rfd8 18. h4 c6 19. f5 gxf5 20. Nxf5 Nd5 21. c4 e6 22. cxd5 exf5 23. dxc6 bxc6 24. Rxd8+ Rxd8 25. Rxf5 Rd2 26. Rf8+ Kg7 27. Rb8 Kh6 28. Kh2 Rd4 29. g3 Rd2+ 30. Kh3 c5 31. a3 c4 32. Rb4 Rc2 33. Kg4 c3 34. bxc3 Rxc3 35. Ra4 Rc7 36. h5 Kg7 37. Ra5 h6 38. Kf5 Rf7+ 39. Ke5 Re7+ 40. Kd6 Rf7 41. Ra4 Rb7 42. Kc6 Re7 43. Rg4+ Kh7 44. Ra4 Kg7 45. g4 Rf7 46. Kb5 Rb7+ 47. Kc6 Rf7 48. Ra5 Rf6+ 49. Kb7 Rf7+ 50. Kb8 1-0

[Event "Irkutsk Urbanovich Memorial"]
[Site "Irkutsk"]
[Date "2010.03.24"]
[Round "11"]
[White "Eremeenko, Vladimir"]
[Black "Khipkhenov, Igor"]
[Result "1-0"]
[WhiteElo "1976"]
[BlackElo "2170"]
[PlyCount "109"]
[EventDate "2010.03.14"]
[EventType "tourn"]
[EventRounds "15"]
[EventCountry "RUS"]
[SourceTitle "EXT 2023"]
[Source "ChessBase"]
[SourceDate "2022.10.05"]
[SourceVersion "1"]
[SourceVersionDate "2022.10.05"]
[SourceQuality "1"]

1. Nf3 c5 2. g3 Nc6 3. Bg2 e5 4. d3 d5 5. Nbd2 f6 6. c3 Be6 7. a3 Qd7 8. b4 Bh3 9. Bxh3 Qxh3 10. Qb3 Rd8 11. bxc5 Bxc5 12. Qxb7 Nge7 13. Qb3 0-0 14. Bb2 Kh8 15. e3 e4 16. dxe4 dxe4 17. Nd4 Ne5 18. Nxe4 Rb8 19. Nxc5 Rxb3 20. Ndxb3 Qg2 21. 0-0-0 Qxf2 22. e4 Rb8 23. Rd2 Qe3 24. Kb1 Nc4 25. Rc2 Nc6 26. Rd1 h6 27. Rd3 Qg1+ 28. Ka2 N6e5 29. Rd4 Nxb2 30. Rxb2 Nf3 31. Rd7 a5 32. a4 Qe3 33. Rd3 Qg1 34. Rxf3 Rc8 35. Rff2 Qe1 36. Rbd2 Qe3 37. Kb2 Kh7 38. Rfe2 Qg5 39. Rd5 Qg4 40. Red2 Qh3 41. Nxa5 Qf1 42. Nab3 Rb8 43. a5 Qb5 44. a6 Rb6 45. Kc2 Rxa6 46. Nxa6 Qxa6 47. Nc5 Qa2+ 48. Kd3 Qb1+ 49. Kc4 Kg6 50. h4 h5 51. Ne6 Qxe4+ 52. Nd4 Kh6 53. Re2 Qg4 54. Re7 g6 55. Rdd7 1-0

[Event "Irkutsk Urbanovich Memorial"]
[Site "Irkutsk"]
[Date "2010.03.15"]
[Round "2"]
[White "Goryachkin, Alexander"]
[Black "Eremeenko, Vladimir"]
[Result "1-0"]
[WhiteElo "2124"]
[BlackElo "1976"]
[PlyCount "91"]
[EventDate "2010.03.14"]
[EventType "tourn"]
[EventRounds "15"]
[EventCountry "RUS"]
[SourceTitle "EXT 2023"]
[Source "ChessBase"]
[SourceDate "2022.10.05"]
[SourceVersion "1"]
[SourceVersionDate "2022.10.05"]
[SourceQuality "1"]

1. c4 Nf6 2. Nc3 g6 3. Nf3 Bg7 4. d4 0-0 5. g3 d6 6. Bg2 c5 7. 0-0 Nc6 8. d5 Na5 9. Qd3 e5 10. dxe6 Bxe6 11. Nd2 Rb8 12. h3 Bh6 13. b3 Nc6 14. Nde4 Bxc1 15. Raxc1 Nxe4 16. Nxe4 Bf5 17. Qc3 Nd4 18. Rfe1 Re8 19. e3 Bxe4 20. exd4 Bxg2 21. Kxg2 Qf6 22. dxc5 Qxc3 23. Rxe8+ Rxe8 24. Rxc3 dxc5 25. Rd3 Re7 26. Kf3 Kg7 27. g4 f6 28. h4 Kf7 29. Rd5 b6 30. Rd6 Re5 31. Rd7+ Re7 32. Rd2 Re5 33. Rd8 Re7 34. a4 Re1 35. Rh8 Kg7 36. Ra8 Re7 37. Rb8 Rd7 38. Ke4 Kf7 39. a5 bxa5 40. Rb5 Rd4+ 41. Ke3 Rxg4 42. Rxc5 Rxh4 43. Rxa5 Ke6 44. Rxa7 f5 45. Ra6+ Ke5 46. f4+ 1-0

[Event "Irkutsk Anufriev Memorial"]
[Site "Irkutsk"]
[Date "2009.12.17"]
[Round "9"]
[White "Drapeza, Sergey"]
[Black "Eremeenko, Vladimir"]
[Result "0-1"]
[WhiteElo "1707"]
[BlackElo "1959"]
[PlyCount "59"]
[EventDate "2009.12.09"]
[EventType "tourn"]
[EventRounds "11"]
[EventCountry "RUS"]
[SourceTitle "EXT 2012"]
[Source "ChessBase"]
[SourceDate "2011.11.24"]
[SourceVersion "1"]
[SourceVersionDate "2011.11.24"]
[SourceQuality "1"]

1. e4 g6 2. d4 d6 3. Nc3 c6 4. f4 Bg7 5. Nf3 Bg4 6. Be3 Qb6 7. Qd3 Bxf3 8. gxf3 Nd7 9. Bh3 Qd8 10. 0-0-0 Ngf6 11. e5 Nd5 12. Nxd5 cxd5 13. Qb5 dxe5 14. fxe5 e6 15. Rhg1 Qc7 16. Rd3 a6 17. Qb4 b5 18. Qd2 h5 19. f4 Bf8 20. Qg2 Nb6 21. Bxe6 fxe6 22. Qxg6+ Qf7 23. f5 Nc4 24. Bg5 Rg8 25. Qxf7+ Kxf7 26. f6 h4 27. Rdd1 Rxg5 28. Rxg5 Bh6 29. Rdg1 Rg8 30. b3 0-1

[Event "Irkutsk Anufriev Memorial"]
[Site "Irkutsk"]
[Date "2009.12.12"]
[Round "4"]
[White "Eremeenko, Vladimir"]
[Black "Smyshliaeva, Lada"]
[Result "1-0"]
[WhiteElo "1959"]
[BlackElo "1722"]
[PlyCount "69"]
[EventDate "2009.12.09"]
[EventType "tourn"]
[EventRounds "11"]
[EventCountry "RUS"]
[SourceTitle "EXT 2012"]
[Source "ChessBase"]
[SourceDate "2011.11.24"]
[SourceVersion "1"]
[SourceVersionDate "2011.11.24"]
[SourceQuality "1"]

1. Nf3 d5 2. g3 c5 3. Bg2 Nc6 4. d3 e5 5. 0-0 Nf6 6. Nbd2 Bg4 7. h3 Bh5 8. e4 d4 9. g4 Bg6 10. Nc4 Nd7 11. a4 Be7 12. Bd2 0-0 13. Ne1 Qc7 14. f4 f6 15. Nf3 a6 16. a5 b6 17. axb6 Nxb6 18. Nxb6 Qxb6 19. b3 Ra7 20. Qe1 a5 21. Qg3 Bd6 22. f5 Bf7 23. g5 Kh8 24. g6 Bg8 25. gxh7 Bxh7 26. Nh4 Rfa8 27. Bf3 a4 28. Rxa4 Rxa4 29. bxa4 Rxa4 30. Bh5 Qb2 31. Bf7 Ne7 32. Ng6+ Nxg6 33. fxg6 Ra1 34. Qh4 Rxf1+ 35. Kxf1 1-0

[Event "Irkutsk Ermolaev Memorial 3rd"]
[Site "Irkutsk"]
[Date "2009.07.11"]
[Round "8"]
[White "Trapeznikova, Darya"]
[Black "Eremeenko, Vladimir"]
[Result "1-0"]
[WhiteElo "1979"]
[BlackElo "1959"]
[PlyCount "121"]
[EventDate "2009.07.04"]
[EventType "swiss"]
[EventRounds "9"]
[EventCountry "RUS"]
[SourceTitle "EXT 2012"]
[Source "ChessBase"]
[SourceDate "2011.11.24"]
[SourceVersion "1"]
[SourceVersionDate "2011.11.24"]
[SourceQuality "1"]

1. d4 Nf6 2. c4 g6 3. Nc3 Bg7 4. e4 d6 5. Be2 0-0 6. Bg5 h6 7. Be3 Nbd7 8. Qd2 Kh7 9. 0-0-0 e5 10. d5 Nxe4 11. Nxe4 f5 12. Bd3 fxe4 13. Bxe4 Nf6 14. f3 Nxe4 15. fxe4 Bg4 16. Re1 Rf7 17. h3 Bd7 18. Ne2 Qh4 19. Nc3 Raf8 20. c5 a6 21. Kb1 Bf6 22. cxd6 cxd6 23. Bf2 Bg5 24. Bxh4 Bxd2 25. Re2 Bxc3 26. bxc3 Bb5 27. Re3 g5 28. Be1 Rf1 29. Rxf1 Bxf1 30. g4 Rf4 31. Kc2 Kg7 32. a4 Kf7 33. a5 Ke7 34. Bg3 Rf6 35. Be1 Kd7 36. Kb3 Kc7 37. Kb4 b6 38. c4 bxa5+ 39. Kxa5 Kb7 40. Rb3+ Kc7 41. Rb6 Bxh3 42. Kxa6 Rf3 43. Ba5 Kd7 44. Rb7+ Ke8 45. Rh7 Bxg4 46. Rxh6 Bc8+ 47. Kb6 g4 48. Kc7 Ba6 49. Kxd6 Bxc4 50. Rg6 Ra3 51. Ke6 Rf3 52. Rxg4 Rf4 53. Rg8+ Rf8 54. Rg5 Rf7 55. Kxe5 Kd7 56. Kd4 Bb3 57. Kc5 Bc2 58. e5 Rh7 59. e6+ Ke7 60. Bc7 Kf6 61. Bd8+ 1-0

[Event "Sibiria Region-ch"]
[Site "Irkutsk"]
[Date "2009.05.15"]
[Round "8"]
[White "Eremeenko, Vladimir"]
[Black "Tikhonov, Vasily"]
[Result "1-0"]
[WhiteElo "1941"]
[BlackElo "1851"]
[PlyCount "77"]
[EventDate "2009.05.10"]
[EventType "swiss"]
[EventRounds "9"]
[EventCountry "RUS"]
[SourceTitle "CBM 130 Extra"]
[Source "ChessBase"]
[SourceDate "2009.07.02"]
[SourceVersion "2"]
[SourceVersionDate "2009.07.15"]
[SourceQuality "1"]

1. Nf3 f5 2. d3 Nf6 3. Nbd2 d5 4. c4 e6 5. g3 c6 6. Bg2 Be7 7. 0-0 0-0 8. Qc2 Na6 9. a3 Bd7 10. e4 fxe4 11. dxe4 Nc5 12. e5 Nfe4 13. Nxe4 Nxe4 14. Nd2 Nxd2 15. Bxd2 Be8 16. Be3 Bg6 17. Qe2 Qe8 18. Rac1 a5 19. cxd5 exd5 20. f4 Bf5 21. g4 Bc8 22. f5 Qd8 23. Qd2 a4 24. Rf2 Qa5 25. Qd4 Bd8 26. Rfc2 Bd7 27. Rf2 Ra6 28. Rcf1 Bb6 29. Qd3 Bxe3 30. Qxe3 Qb6 31. Qg5 Raa8 32. Kh1 Qd4 33. e6 h6 34. Qh4 Be8 35. f6 Rxf6 36. Rxf6 gxf6 37. Qxh6 Qxb2 38. Rxf6 Qa1+ 39. Bf1 1-0

[Event "Sibiria Region-ch"]
[Site "Irkutsk"]
[Date "2009.05.14"]
[Round "7"]
[White "Gomboev, Innokenty"]
[Black "Eremeenko, Vladimir"]
[Result "0-1"]
[WhiteElo "1734"]
[BlackElo "1941"]
[PlyCount "92"]
[EventDate "2009.05.10"]
[EventType "swiss"]
[EventRounds "9"]
[EventCountry "RUS"]
[SourceTitle "CBM 130 Extra"]
[Source "ChessBase"]
[SourceDate "2009.07.02"]
[SourceVersion "2"]
[SourceVersionDate "2009.07.15"]
[SourceQuality "1"]

1. d4 Nf6 2. c4 g6 3. Nc3 Bg7 4. e4 d6 5. f3 e5 6. d5 Nh5 7. Be3 f5 8. Qd2 f4 9. Bf2 0-0 10. g4 fxg3 11. hxg3 Bf6 12. g4 Bg5 13. Be3 Bxe3 14. Qxe3 Ng3 15. Rh2 Nxf1 16. Kxf1 Bxg4 17. Qh6 Qe7 18. Ke2 Bh5 19. Rf1 Nd7 20. Nh3 Qh4 21. Ke3 Qg3 22. Ng5 Qf4+ 23. Kd3 Nc5+ 24. Kc2 Qxh2+ 25. Kb1 Rf7 26. Nxf7 Nd3 27. Nd1 Kxf7 28. Qxh7+ Kf6 29. Qxc7 Rf8 30. f4 exf4 31. Qxd6+ Kg7 32. Nf2 Nxf2 33. Qe5+ Rf6 34. Qd4 Nxe4 35. Qxe4 Qe2 36. Qh1 Qd3+ 37. Ka1 Qxc4 38. Rc1 Bf3 39. Qe1 Qxd5 40. Rc7+ Rf7 41. Qc3+ Kg8 42. b3 Rxc7 43. Qxc7 Qd4+ 44. Kb1 Be4+ 45. Kc1 Qa1+ 46. Kd2 Qxa2+ 0-1